000
00354nam a2200157Ia 4500
100
_a
Sharma/ M.C.
650
_a
Electrical Engineering
942
_c
RB
654
_a
Transistors
245
_a
Using Field-Effect Transistors
260
_b
Business promotion
_a
Delhi
_c
1977
082
_a
621.3
_b
Sha
300
_a
56
546
_a
ENGLISH
999
_c
31487
_d
31487